Ciudadanos, no clientes. Cómo garantizar el derecho a una salud y educación dignas.

Guardat en:
Dades bibliogràfiques
Autor principal: Siches Pastén, Izkia (autora)
Altres autors: Bellei Carvacho, Cristián (autor)
Format: Desconegut
Idioma:anglès
Publicat: Santiago, Chile: Paidós, 2022.
Edició:1ra. edición.
Col·lecció:Hoja de Ruta.
Matèries:
Etiquetes: Afegir etiqueta
Sense etiquetes, Sigues el primer a etiquetar aquest registre!

MARC

LEADER 00000 a2200000 4500
003 CL-VaPUC
005 20240104160016.0
008 231221t2022 ||||| |||| 00| 0 eng d
999 |c 442591  |d 442589 
020 |a 978-956-9987-82-3 
040 |c Pontificia Universidad Católica de Valparaíso 
082 |2 22  |a 323.0983 SIC 2022 
100 |a Siches Pastén, Izkia  |9 886170  |e autora 
245 |a Ciudadanos, no clientes.  |b Cómo garantizar el derecho a una salud y educación dignas. 
250 |a 1ra. edición.  
260 |a Santiago, Chile:  |b Paidós,  |c 2022. 
300 |a 109 páginas. 
490 |a Hoja de Ruta. 
583 |k GC  |c 20231221 
650 0 |9 348094  |a Derechos sociales  |x Salud y educación   |y Siglo 21   |z Chile  
650 0 |9 258913  |a Salud pública  |v Análisis crítico   |y Siglo 21   |z Chile  
650 0 |9 327162  |a Educación chilena   |x Derechos humanos   |y Siglo 21  
700 |9 583129  |a Bellei Carvacho, Cristián  |e autor 
942 |2 ddc  |c BK 
952 |0 0  |1 0  |2 ddc  |4 0  |6 323_098300000000000_SIC_2022  |7 0  |8 A  |9 592976  |a BIBGIM  |b BIBGIM  |c GEN  |d 2023-12-20  |e 189  |g 7425.00  |i 5659900  |o 323.0983 SIC 2022  |p 5659900  |r 2025-01-15  |t 1  |v 7425.00  |w 2023-12-20  |y BK  |k SSL